[Event "Cappelle Online Blitz op"]
[Site "Europe Echecs INT"]
[Date "2022.01.09"]
[Round "6"]
[White "Kachkachishvili, Lasha"]
[Black "Feryn, Benjamin"]
[Result "1-0"]
[WhiteElo "1817"]
[BlackElo "2197"]
[PlyCount "93"]
[EventDate "2022.01.09"]
[EventType "swiss (blitz)"]
[EventRounds "11"]
[EventCountry "FRA"]
[SourceTitle "EXT 2023"]
[Source "ChessBase"]
[SourceDate "2022.10.05"]
[SourceVersion "1"]
[SourceVersionDate "2022.10.05"]
[SourceQuality "1"]

1. d4 Nf6 2. c4 g6 3. Nf3 Bg7 4. g3 0-0 5. Bg2 d6 6. 0-0 Nc6 7. d5 Na5 8. Qa4 c6 9. Bd2 b6 10. dxc6 Be6 11. Nd4 Rc8 12. Nxe6 fxe6 13. Bxa5 bxa5 14. Nc3 Qb6 15. Qb5 Ne8 16. Qxb6 axb6 17. Na4 Rb8 18. Rab1 Nc7 19. b4 Rf5 20. bxa5 Rxa5 21. Nxb6 Rxa2 22. e3 Rc2 23. Rfd1 Kf7 24. Be4 Rc3 25. Kf1 Ra3 26. Nd7 Rc8 27. Rb7 Na6 28. Nb6 Rc7 29. Bf3 Rb3 30. Na4 Ra3 31. Nb6 Rb3 32. Na8 Rcxb7 33. cxb7 Nb8 34. Nc7 Be5 35. Nb5 Rb4 36. Be2 Ke8 37. Rc1 Kd7 38. Bf3 d5 39. Na3 dxc4 40. Nxc4 Bd6 41. Nxd6 exd6 42. Rc8 Na6 43. Rh8 h5 44. Kg2 d5 45. Be2 Kc7 46. Bxa6 Rb6 47. Rc8+ 1-0

[Event "Cappelle Online Blitz op"]
[Site "Europe Echecs INT"]
[Date "2022.01.09"]
[Round "1"]
[White "Lysyj, Igor"]
[Black "Kachkachishvili, Lasha"]
[Result "1/2-1/2"]
[WhiteElo "2603"]
[BlackElo "1817"]
[PlyCount "119"]
[EventDate "2022.01.09"]
[EventType "swiss (blitz)"]
[EventRounds "11"]
[EventCountry "FRA"]
[SourceTitle "EXT 2023"]
[Source "ChessBase"]
[SourceDate "2022.10.05"]
[SourceVersion "1"]
[SourceVersionDate "2022.10.05"]
[SourceQuality "1"]

1. d4 Nf6 2. c4 e6 3. Nf3 b6 4. g3 Ba6 5. Qc2 Be7 6. Bg2 Bb7 7. Nc3 d5 8. cxd5 Nxd5 9. Nxd5 Bxd5 10. 0-0 0-0 11. Bf4 c5 12. dxc5 Bxc5 13. Rfd1 Qe7 14. Ng5 g6 15. Rxd5 exd5 16. Bxd5 Nd7 17. Bxa8 Rxa8 18. Rd1 Re8 19. e4 Nf6 20. e5 Ng4 21. Ne4 Nxe5 22. Kg2 Qb7 23. Bxe5 Rxe5 24. f3 Be7 25. Rd4 Rd5 26. Rxd5 Qxd5 27. b3 f5 28. Nd2 Qc5 29. Qd3 b5 30. f4 Qd6 31. Qxd6 Bxd6 32. Nf3 Kf7 33. Nd4 a6 34. Kf3 Bc5 35. Nc6 Ke6 36. h3 Bd6 37. Ke3 Kd7 38. Nd4 Bc5 39. Kd3 Kd6 40. Ne2 Bf2 41. Kc3 Kd5 42. Kd3 b4 43. g4 a5 44. gxf5 gxf5 45. Nc1 Bg3 46. Ke3 Bh4 47. Ne2 Bf6 48. Ng3 Ke6 49. Kd3 Bh4 50. Ne2 Bf6 51. Kc4 Bd8 52. Nd4+ Kf6 53. Kb5 Bc7 54. Ne2 Ke6 55. Kc6 Bd8 56. Nd4+ Kf6 57. Nf3 Ke6 58. Nd4+ Kf6 59. Nf3 Ke6 60. Nd4+ 1/2-1/2

[Event "EU-ch Hybrid U18"]
[Site "Tornelo INT"]
[Date "2021.10.15"]
[Round "3"]
[White "Kachkachishvili, Lasha"]
[Black "Sismeiro, Miguel"]
[Result "1/2-1/2"]
[WhiteElo "1838"]
[BlackElo "2184"]
[PlyCount "125"]
[EventDate "2021.10.15"]
[EventType "swiss"]
[EventRounds "9"]
[EventCountry "NET"]
[SourceTitle "EXT 2023"]
[Source "ChessBase"]
[SourceDate "2022.10.05"]
[SourceVersion "1"]
[SourceVersionDate "2022.10.05"]
[SourceQuality "1"]
[WhiteTeam "Georgia"]
[BlackTeam "Portugal"]
[WhiteTeamCountry "GEO"]
[BlackTeamCountry "POR"]

1. d4 Nf6 2. Nf3 g6 3. c4 Bg7 4. g3 c6 5. Bg2 d5 6. b3 0-0 7. 0-0 a5 8. Bb2 a4 9. cxd5 cxd5 10. bxa4 Ne4 11. Nc3 Nc6 12. e3 Bg4 13. h3 Bf5 14. Nh4 Qa5 15. Nxf5 gxf5 16. Bxe4 dxe4 17. Qb3 Rfc8 18. a3 e6 19. Rfd1 Qa6 20. Rac1 Na5 21. Qa2 Rc4 22. d5 Rac8 23. d6 Qc6 24. Ne2 Qxa4 25. Kg2 Rxc1 26. Rxc1 Rxc1 27. Bxc1 Qd7 28. Bd2 Nc6 29. Bb4 Be5 30. Bc5 Nb8 31. Qd2 Na6 32. Bd4 Qxd6 33. Qb2 Bxd4 34. exd4 Qc6 35. Kh2 Nc7 36. Qd2 Nd5 37. Qg5+ Kf8 38. Qd8+ Kg7 39. Qg5+ Kf8 40. Qd8+ Qe8 41. Qh4 Qb5 42. Qd8+ Kg7 43. Qg5+ Kf8 44. Qd8+ Qe8 45. Qh4 Kg7 46. Qg5+ Kh8 47. Nf4 Qe7 48. Qh6 Nxf4 49. Qxf4 Kg7 50. a4 h6 51. a5 Qd7 52. Qe5+ f6 53. Qc5 Kf7 54. h4 h5 55. Qb6 Kg6 56. Qc5 Kf7 57. Qb6 Kg7 58. Qc5 Kg8 59. Qb6 Kf7 60. Qc5 Ke8 61. Qb6 Ke7 62. Qb4+ Kf7 63. Qc5 1/2-1/2

[Event "EU-ch Hybrid U18"]
[Site "Tornelo INT"]
[Date "2021.10.15"]
[Round "2"]
[White "Richter, Nils"]
[Black "Kachkachishvili, Lasha"]
[Result "1-0"]
[WhiteElo "2277"]
[BlackElo "1838"]
[PlyCount "79"]
[EventDate "2021.10.15"]
[EventType "swiss"]
[EventRounds "9"]
[EventCountry "NET"]
[SourceTitle "EXT 2023"]
[Source "ChessBase"]
[SourceDate "2022.10.05"]
[SourceVersion "1"]
[SourceVersionDate "2022.10.05"]
[SourceQuality "1"]
[WhiteTeam "Germany"]
[BlackTeam "Georgia"]
[WhiteTeamCountry "GER"]
[BlackTeamCountry "GEO"]

1. d4 Nf6 2. c4 e6 3. g3 d5 4. Bg2 Be7 5. Nf3 0-0 6. 0-0 c6 7. Nc3 b6 8. Ne5 Bb7 9. e4 dxe4 10. Nxe4 Nxe4 11. Bxe4 f6 12. Ng6 Re8 13. Nxe7+ Qxe7 14. Be3 Nd7 15. Qc2 Nf8 16. Rad1 Qc7 17. Rfe1 Rad8 18. Bf4 Qf7 19. c5 bxc5 20. Qxc5 e5 21. dxe5 Ne6 22. Qc4 fxe5 23. Rxd8 Rxd8 24. Bxe5 Rd2 25. Rf1 Kh8 26. Bc3 Rd8 27. Re1 Rf8 28. f4 Re8 29. f5 Ng5 30. Qxf7 Nxf7 31. Kf2 Nd6 32. Bc2 Rxe1 33. Bxe1 c5 34. g4 Kg8 35. Kg3 Kf7 36. Kf4 a6 37. Bf2 c4 38. Ke5 Nb5 39. Bb6 c3 40. a4 1-0

[Event "World Cup U18 Prel"]
[Site "Tornelo INT"]
[Date "2021.08.20"]
[Round "10"]
[White "Kachkachishvili, Lasha"]
[Black "Jorajuria Mendoza, Algol"]
[Result "1-0"]
[WhiteElo "1838"]
[BlackElo "1693"]
[PlyCount "41"]
[EventDate "2021.08.16"]
[EventType "swiss (rapid)"]
[EventRounds "10"]
[EventCountry "NET"]
[SourceTitle "CBM 203 Extra"]
[Source "ChessBase"]
[SourceDate "2021.09.30"]
[SourceVersion "1"]
[SourceVersionDate "2021.09.30"]
[SourceQuality "1"]

1. Nf3 d5 2. g3 Nf6 3. Bg2 Bf5 4. c4 e6 5. b3 c5 6. cxd5 exd5 7. d4 Nc6 8. 0-0 Be4 9. dxc5 Bxc5 10. Bb2 0-0 11. Nc3 Qe7 12. Rc1 Rfd8 13. e3 Bxf3 14. Qxf3 Ne5 15. Qe2 Rac8 16. Rfd1 d4 17. exd4 Bxd4 18. Nd5 Nxd5 19. Rxc8 Rxc8 20. Bxd4 Nc6 21. Qg4 1-0

[Event "World Cup U18 Prel"]
[Site "Tornelo INT"]
[Date "2021.08.19"]
[Round "8"]
[White "Kachkachishvili, Lasha"]
[Black "Sandiford, Keron"]
[Result "1-0"]
[WhiteElo "1838"]
[BlackElo "1529"]
[PlyCount "163"]
[EventDate "2021.08.16"]
[EventType "swiss (rapid)"]
[EventRounds "10"]
[EventCountry "NET"]
[SourceTitle "CBM 203 Extra"]
[Source "ChessBase"]
[SourceDate "2021.09.30"]
[SourceVersion "1"]
[SourceVersionDate "2021.09.30"]
[SourceQuality "1"]

1. Nf3 Nf6 2. g3 d5 3. Bg2 g6 4. 0-0 Bg7 5. d4 0-0 6. c4 c6 7. b3 Bg4 8. Ne5 Be6 9. Bb2 Nbd7 10. Nd2 Nb6 11. Rc1 Ng4 12. Nxg4 Bxg4 13. h3 Bf5 14. e3 Qd7 15. Kh2 Qd8 16. Qe2 Re8 17. cxd5 cxd5 18. Nf3 Be4 19. a4 a6 20. Bc3 Qd6 21. Qd2 Bxf3 22. Bxf3 Qf6 23. Bg2 Rec8 24. Ba5 Rd8 25. Rc7 Qd6 26. Rxb7 Rab8 27. Rxb6 Rxb6 28. Bxb6 Qxb6 29. Qd3 e6 30. Rc1 Rb8 31. Rc3 h6 32. Bf1 a5 33. Qc2 Bf8 34. Bb5 Bb4 35. Rc7 Rb7 36. Rc8+ Kg7 37. h4 h5 38. Kg2 Re7 39. Rc6 Qb8 40. e4 dxe4 41. Qxe4 Qa7 42. Qe5+ Kh7 43. Qf6 Rc7 44. Rd6 Qb7+ 45. d5 Bxd6 46. Bc6 Qc8 47. g4 Be7 48. Qxf7+ Kh6 49. g5+ Bxg5 50. hxg5+ Kxg5 51. Qf3 exd5 52. Qe3+ Kf6 53. Bxd5 Re7 54. Qd4+ Re5 55. f4 Qg4+ 56. Kf2 Qh4+ 57. Kg2 Qg4+ 58. Kh2 Qe2+ 59. Bg2 Kf5 60. Qxe5+ Qxe5 61. fxe5 Kxe5 62. Kg3 g5 63. Bf3 h4+ 64. Kg4 Kf6 65. Be4 Ke5 66. Bc2 Kf6 67. Bb1 Ke5 68. Bd3 Kf6 69. Bc4 Ke5 70. Ba6 Kf6 71. Bb7 Kg6 72. Be4+ Kh6 73. b4 axb4 74. a5 h3 75. Kxh3 Kg7 76. a6 Kf6 77. a7 Ke5 78. a8Q Kd4 79. Qd5+ Kc3 80. Qd3+ Kb2 81. Qc2+ Ka3 82. Bd5 1-0

[Event "Tetraktys Concept Mgmt"]
[Site "Europe Echecs INT"]
[Date "2021.06.06"]
[Round "9"]
[White "Shevchenko, Kirill"]
[Black "Kachkachishvili, Lasha"]
[Result "1-0"]
[WhiteElo "2605"]
[BlackElo "1796"]
[PlyCount "109"]
[EventDate "2021.06.06"]
[EventType "swiss (blitz)"]
[EventRounds "11"]
[EventCountry "FRA"]
[SourceTitle "CBM 202 Extra"]
[Source "ChessBase"]
[SourceDate "2021.07.31"]
[SourceVersion "1"]
[SourceVersionDate "2021.07.31"]
[SourceQuality "1"]

1. Nf3 Nf6 2. g3 g6 3. Bg2 Bg7 4. 0-0 0-0 5. c4 d6 6. Nc3 Nc6 7. d3 e5 8. Rb1 Be6 9. b4 h6 10. Nd2 d5 11. b5 Ne7 12. Ba3 Re8 13. Bxe7 Rxe7 14. cxd5 Nxd5 15. Nxd5 Bxd5 16. Bxd5 Qxd5 17. Qb3 Qd7 18. Rbc1 Kh7 19. Rc2 f5 20. Rfc1 Rc8 21. a4 e4 22. dxe4 fxe4 23. e3 Qf5 24. Rc5 Qg4 25. Qd1 Qxd1+ 26. Rxd1 Rd7 27. Kf1 Rcd8 28. Ke2 Kh8 29. Rcc1 Re7 30. Rc4 Red7 31. Rc2 Re7 32. Rdc1 Rdd7 33. Rc4 Bb2 34. R1c2 Ba3 35. Nxe4 Rf7 36. Rd2 Rde7 37. Nc5 b6 38. Nd3 Bd6 39. Nf4 Bxf4 40. gxf4 Kg7 41. h4 Rd7 42. Rxd7 Rxd7 43. e4 Kf6 44. Rc6+ Kf7 45. e5 Kg7 46. Ke3 Re7 47. Ke4 Rd7 48. f5 gxf5+ 49. Kxf5 Rf7+ 50. Rf6 Rd7 51. Rg6+ Kh7 52. e6 Rd5+ 53. Kf6 Rd2 54. Rg7+ Kh8 55. Rg2 1-0

[Event "GEO-ch 1st League 80th"]
[Site "Tbilisi"]
[Date "2021.04.05"]
[Round "8"]
[White "Tsanatsqenishvili, Alexandre"]
[Black "Kachkachishvili, Lasha"]
[Result "0-1"]
[WhiteElo "1702"]
[BlackElo "1681"]
[PlyCount "116"]
[EventDate "2021.03.29"]
[EventType "swiss"]
[EventRounds "9"]
[EventCountry "GEO"]
[SourceTitle "CBM 202 Extra"]
[Source "ChessBase"]
[SourceDate "2021.07.31"]
[SourceVersion "1"]
[SourceVersionDate "2021.07.31"]
[SourceQuality "1"]

1. e4 c6 2. Nf3 d5 3. Nc3 g6 4. h3 Bg7 5. d4 dxe4 6. Nxe4 Nf6 7. Nxf6+ exf6 8. Bd3 0-0 9. Be3 Re8 10. Qd2 Be6 11. 0-0-0 b5 12. Rhe1 a5 13. b3 a4 14. Kb2 Qe7 15. b4 a3+ 16. Ka1 Na6 17. c3 Nc7 18. Qc2 Nd5 19. Bc1 Qd7 20. Re2 Bf8 21. Rde1 Ra4 22. Bd2 Bd6 23. Qc1 Raa8 24. Be4 Nb6 25. Qc2 Na4 26. Bh6 Nb2 27. Nd2 f5 28. Bf3 Red8 29. Bg5 Rdc8 30. Bf6 Bf8 31. h4 h5 32. g3 Bh6 33. Nb3 Bc4 34. Re7 Qd6 35. Bg5 Bf8 36. R7e3 Na4 37. Nd2 Bd5 38. Bf4 Qd7 39. Qd1 Nxc3 40. Rxc3 Bxb4 41. Rd3 Bc4 42. Nxc4 bxc4 43. Rde3 Bxe1 44. Rxe1 Re8 45. Be5 Rab8 46. Re2 Rb5 47. Rc2 Qe6 48. Re2 Qd7 49. Rc2 Rb4 50. Qd2 Qb7 51. Qc1 Qb5 52. Bf4 Qb6 53. Rc3 Qxd4 54. Qd2 Qb6 55. Rc1 Rb2 56. Qc3 Rxf2 57. Rb1 Rxf3 58. Qf6 Qd8 0-1

[Event "World Corporate East B"]
[Site "Chess.com INT"]
[Date "2021.02.19"]
[Round "2.7"]
[White "Fischer, Andre"]
[Black "Kachkachishvili, Lasha"]
[Result "0-1"]
[WhiteElo "2279"]
[BlackElo "1681"]
[PlyCount "90"]
[EventDate "2021.02.19"]
[EventType "team (rapid)"]
[EventRounds "7"]
[EventCountry "USA"]
[SourceTitle "EXT 2022"]
[Source "ChessBase"]
[SourceDate "2021.10.06"]
[SourceVersion "1"]
[SourceVersionDate "2021.10.06"]
[SourceQuality "1"]
[WhiteTeam "Airbus"]
[BlackTeam "Tegeta"]
[WhiteTeamCountry "GER"]
[BlackTeamCountry "GEO"]

1. e4 c5 2. Nf3 Nc6 3. c3 d5 4. exd5 Qxd5 5. d4 Bg4 6. Be2 e6 7. h3 Bh5 8. a3 Nf6 9. Be3 cxd4 10. cxd4 Be7 11. Nc3 Qd6 12. 0-0 0-0 13. Qb3 Rfd8 14. Rfd1 b6 15. Rac1 Na5 16. Qa2 a6 17. b4 Nb7 18. g4 Bg6 19. Ne5 b5 20. Bf3 Nd5 21. Nxd5 exd5 22. Rc6 Qb8 23. Bxd5 Nd6 24. Rdc1 Bf6 25. Rc7 Bxe5 26. dxe5 Nc4 27. Rc5 Nxe3 28. fxe3 Ra7 29. Qb2 Re7 30. Qd4 Kh8 31. e4 Rxe5 32. Kg2 Bxe4+ 33. Bxe4 Rxd4 34. Rc8+ Rd8 35. Rxb8 Rxb8 36. Bb7 h5 37. Bxa6 hxg4 38. hxg4 Re6 39. Bc8 Re3 40. Bf5 g6 41. Bd7 Rxa3 42. Rc5 Rb3 43. Bxb5 Rxb4 44. Be2 Rb2 45. Re5 Kg7 0-1